000 00335nam a2200133Ia 4500
005 20260328101516.0
008 260328s9999||||xx |||||||||||||| ||und||
100 _aGudiol Ricart, J.
245 0 _aLa Catedral de Toledo /
_cJ. Gudiol Ricart
260 _bPlus Ultra
300 _a162 p.
650 _aARQUITECTURA REGIONAL
942 _cBK
999 _c9403
_d9403